Artwork through the Market : The Past and the Present /

Guardado en:
Detalles Bibliográficos
Otros Autores: Bakoš, Ján (Editor)
Formato: Libro
Lenguaje:inglés
Publicado: Bratislava : VEDA, 2004
Edición:1. vydanie
Materias:
Etiquetas: Agregar Etiqueta
Sin Etiquetas, Sea el primero en etiquetar este registro!

MARC

LEADER 00000nam a22000003a 4500
001 0071872
003 SK-STU
005 20200117113449.1
007 ta
008 190220s ----xo-----e------000-0-----d
020 |a 80-224-0823-9 
040 |a STU  |b slo 
041 0 |a eng 
044 |a xo 
100 1 |a Bakoš, Ján  |4 edt 
245 1 0 |a Artwork through the Market :  |b The Past and the Present /  |c ed. Ján Bakoš 
250 |a 1. vydanie 
260 |a Bratislava :  |b VEDA,  |c 2004 
300 |a 352 s. 
650 0 7 |a umenie 
650 0 7 |a trh 
650 0 7 |a umelecké predmety 
650 0 7 |a zberateľstvo 
996 |b 284AU07895  |c A* 11154/U  |l AAKNAR  |s A  |a 24  |w 0071872_0001